000 00804nam a2200229Ii 4500
003 JO-AjNU
008 230605s9999||||xx |||||||||||||| ||und||
017 _a2020/8/2815
020 _a978-9957-12-986-6
040 _aJO-AjNU
_bara
_erda
_cJO-AjNU
041 _aara
050 1 4 _aLB2333.2021
100 3 _aالشهري، عبدالله بن عوض,
_eauthor
_963149
245 0 0 _aالشفافية الادارية في المؤسسات التعليمية
250 _aط1
264 3 1 _aعمان: دار اليازوري العلمية للنشر والتوزيع، 2021
300 _a167ص
336 _atext
_btxt
_2rdacontent
337 _aunmediated
_bn
_2rdamedia
338 _avolume
_bnc
_2rdacarrier
650 4 _aالشفافية الادارية-الادارة التعليمية
_963150
999 _aA28629
_c32197
_d32197